Introducción a la metodología de la ciencia: la filosofía de la ciencia en el siglo XX

Tallennettuna:
Bibliografiset tiedot
Päätekijä: Echeverría, Javier (Tekijä)
Aineistotyyppi: Kirja
Kieli:espanja
Julkaistu: Madrid Cátedra 1999
Sarja:Colección Teorema. Serie Mayor
Aiheet:
Tagit: Lisää tagi
Ei tageja, Lisää ensimmäinen tagi!

MARC

LEADER 00000nam a2200000 a 4500
001 UCO8574
003 CL-VaPUC
008 001215e19990000SP |||||||||||||||||spa|d
082 0 4 |a 501  |b ECH  |2 21 
100 0 |a Echeverría, Javier  |e author  |9 453500 
245 1 0 |a Introducción a la metodología de la ciencia: la filosofía de la ciencia en el siglo XX 
300 |a 343 p 
942 |c BK 
945 |d 20001215 00:00:00  |a vberengu 
260 |a Madrid  |b Cátedra  |c 1999 
650 0 |a Filosofía de las ciencias  |9 256466 
650 0 |a Empirismo  |9 255037 
650 0 |a Ciencia  |9 255691 
650 0 |a Metodología de la ciencia  |9 346018 
583 |a last modification  |c 20001215 00:00:00  |k Rodrigo Vera 
490 0 |a Colección Teorema. Serie Mayor 
999 |c 293150  |d 293148 
952 |0 0  |1 0  |4 0  |6 501_000000000000000_ECH_1999  |7 0  |8 ?  |9 344413  |a BIBEDU  |b BIBEDU  |d 2019-11-20  |i 3675947  |o 501 ECH 1999  |p 3675947  |r 2019-11-20  |w 2019-11-20  |y BK  |k CIT